Thirty years of agricultural growth in Brazil (Record no. 3653)

000 -LEADER
fixed length control field 00474pab a2200157 454500
008 - FIXED-LENGTH DATA ELEMENTS--GENERAL INFORMATION
fixed length control field 180718b1987 xxu||||| |||| 00| 0 eng d
100 ## - MAIN ENTRY--PERSONAL NAME
Personal name Graham, Douglas H.
245 ## - TITLE STATEMENT
Title Thirty years of agricultural growth in Brazil
Remainder of title Crop performance regional profile, and recent policy reviews
260 ## - PUBLICATION, DISTRIBUTION, ETC.
Date of publication, distribution, etc. 1987
300 ## - PHYSICAL DESCRIPTION
Extent 1-34
362 ## - DATES OF PUBLICATION AND/OR SEQUENTIAL DESIGNATION
Dates of publication and/or sequential designation Oct.
650 ## - SUBJECT ADDED ENTRY--TOPICAL TERM
Topical term or geographic name entry element Agriculture - Brazil
700 ## - ADDED ENTRY--PERSONAL NAME
Personal name Howard Gautheir
773 ## - HOST ITEM ENTRY
Main entry heading Economic Development and Cultural Change
909 ## -
-- 3653
Holdings
Withdrawn status Lost status Damaged status Not for loan Permanent Location Current Location Date acquired Serial Enumeration / chronology Barcode Date last seen Price effective from Koha item type
        Indian Institute of Public Administration Indian Institute of Public Administration 2018-07-19 Volume no: 3, Issue no: 2 AR3654 2018-07-19 2018-07-19 Articles

Powered by Koha